| 000 | 00801nab a22002417a 4500 | ||
|---|---|---|---|
| 001 | 09748 | ||
| 003 | HDC | ||
| 007 | cr bn ---aaaaa | ||
| 008 | 210128c20091211my ||||| |||| 00| 00may d | ||
| 040 | _aHDC | ||
| 100 |
_aJami'ah Shukri, _eauthor _99968 |
||
| 245 | 0 |
_aPelancongan Islam dorong hasrat negara jadi pusat hab halal serantau / _cJami'ah Shukri |
|
| 336 |
_atext _2rdacontent |
||
| 337 |
_acomputer _2rdamedia |
||
| 338 |
_aonline resource _2rdacarrier |
||
| 650 |
_aHalal food industry _9128 |
||
| 650 |
_aInvestments _91553 |
||
| 710 | _aBerita Harian | ||
| 856 | _zRequest full-text at [email protected] | ||
| 942 | _2lcc | ||
| 942 | _cNEWS | ||
| 942 | _kNWSC 004050 | ||
| 999 |
_c7071 _d7071 |
||